| 000 | 00715nam a22001937a 4500 | ||
|---|---|---|---|
| 999 |
_c21028 _d21028 |
||
| 003 | AR-CdUCM | ||
| 008 | 190724b ||||| |||| 00| 0 spa d | ||
| 040 |
_aMUNICIPALIDAD PROVINCIAL DEL CUSCO _cBIBLIOTECA MUNICIPAL DEL CUSCO |
||
| 082 |
_a928 / _bH21 |
||
| 100 |
_aHanke, Lewis _918725 |
||
| 245 |
_aGilberto Freyre : _bvida y obra - bibliografía - antología / |
||
| 260 |
_aNew York : _bInstituto de las españas, _c1939. |
||
| 300 |
_a30 páginas ; _bilustraciones ; _c26 cm. |
||
| 505 | _aContiene : Lewis Hanke Gilberto Freyre: historiador brasileño -- Bibliografía -- O escravo negro do Brasil | ||
| 650 |
_aGilberto Freyre _943822 |
||
| 650 |
_aBiografia _9437 |
||
| 942 |
_2ddc _cFOLLETOS |
||
| 945 | _azta | ||